Fitness through Aerobics (Record no. 2157)

MARC details
000 -LEADER
fixed length control field 00343nam a2200145Ia 4500
008 - FIXED-LENGTH DATA ELEMENTS--GENERAL INFORMATION
fixed length control field 230312s9999||||xx |||||||||||||| ||und||
020 ## - INTERNATIONAL STANDARD BOOK NUMBER
International Standard Book Number 0-13-777889-9
082 ## - DEWEY DECIMAL CLASSIFICATION NUMBER
Classification number 613.715
Item number BIS-F
100 ## - MAIN ENTRY--PERSONAL NAME
Personal name Bishop;jan,galen
245 #0 - TITLE STATEMENT
Title Fitness through Aerobics
260 ## - PUBLICATION, DISTRIBUTION, ETC.
Name of publisher, distributor, etc. Allyn
Place of publication, distribution, etc. USA
Date of publication, distribution, etc. 1995
300 ## - PHYSICAL DESCRIPTION
Extent 180
650 ## - SUBJECT ADDED ENTRY--TOPICAL TERM
Topical term or geographic name entry element Physiotherapy
942 ## - ADDED ENTRY ELEMENTS (KOHA)
Koha item type BOOK
Holdings
Withdrawn status Lost status Source of classification or shelving scheme Damaged status Not for loan Home library Current library Date acquired Total Checkouts Total Renewals Full call number Barcode Date last seen Date last checked out Price effective from Koha item type
    Dewey Decimal Classification     Superior Information Resource Center (SIRC) Superior University- Main Campus Superior Information Resource Center (SIRC) Superior University- Main Campus 03/13/2023 2 2 613.715 BIS-F 2168 03/21/2025 03/11/2025 03/13/2023 BOOK

Powered by Koha